MODERN ECONOMICS AN ANALYTICAL STUDY (Record no. 31306)
[ view plain ]
| 000 -LEADER | |
|---|---|
| fixed length control field | 00357nam a2200145Ia 4500 |
| 008 - FIXED-LENGTH DATA ELEMENTS--GENERAL INFORMATION | |
| fixed length control field | 240624s9999 xx 000 0 und d |
| 041 ## - LANGUAGE CODE | |
| Language code of text/sound track or separate title | eng |
| 082 ## - DEWEY DECIMAL CLASSIFICATION NUMBER | |
| Classification number | 330 AHU |
| 100 ## - MAIN ENTRY--PERSONAL NAME | |
| Personal name | AHUJA H L |
| 245 ## - TITLE STATEMENT | |
| Title | MODERN ECONOMICS AN ANALYTICAL STUDY |
| 250 ## - EDITION STATEMENT | |
| Edition statement | (20th ed.) |
| 260 ## - PUBLICATION, DISTRIBUTION, ETC. | |
| Date of publication, distribution, etc. | 2016 |
| Place of publication, distribution, etc. | New Delhi |
| Name of publisher, distributor, etc. | S Chand |
| 300 ## - PHYSICAL DESCRIPTION | |
| Extent | xxiii, 912 p.; 23 cm. |
| 365 ## - TRADE PRICE | |
| Currency code | RS |
| Withdrawn status | Lost status | Damaged status | Not for loan | Home library | Current library | Shelving location | Date acquired | Cost, normal purchase price | Full call number | Barcode | Date last seen | Price effective from | Koha item type |
|---|---|---|---|---|---|---|---|---|---|---|---|---|---|
| IMTN | IMTN | Rack 5-B | 09/11/2018 | 795.00 | 330 AHU | 31306 | 06/24/2024 | 06/24/2024 | Books |